Τα άπαντα : ποιήματα - πεζά

Αποθηκεύτηκε σε:
Λεπτομέρειες βιβλιογραφικής εγγραφής
Κύριος συγγραφέας: Δούλη, Ελισάβετ, 1938-1964
Μορφή: Βιβλίο
Γλώσσα:Greek
Δημοσίευση: Αθήνα : [Μ. Πεχλιβανίδης], 1964.
Θέματα:
Ετικέτες: Προσθήκη ετικέτας
Δεν υπάρχουν, Καταχωρήστε ετικέτα πρώτοι!

MARC

LEADER 00000cam a2200000 i 4500
001 1/92540
008 080827t1964 gr ||| | gre||
035 |l 10099666 
040 |a GR-MyUA  |b gre  |e AACR2 
041 0 |a gre 
082 7 |a 889.2   |2 (22) 
082 0 |a 889.834  |2 (22) 
100 1 |a Δούλη, Ελισάβετ,   |d 1938-1964. 
245 1 3 |a Τα άπαντα :   |b ποιήματα - πεζά /   |c Ελισάβετ Π. Δούλη.  
260 |a Αθήνα :   |b [Μ. Πεχλιβανίδης],   |c 1964.  
300 |a 192 σ. :   |b εικ. ;   |c 25 εκ.  
500 |a Το αντίτυπο της βιβλιοθήκης Σάμου στη σ.τ. φέρει ιδιόχειρη αφιέρωση "Στον αξιότιμο κ. Πλούταρχο Μόραλη, μετά τιμής υπογραφή Πλούταρχος -Ουρανία Δούλη".  
650 0 0 |a Greek literature, Modern  |y 20th century. 
650 0 0 |a Greek poetry, Modern  |y 20th century. 
852 |a INST  |b RHODES  |c AKA  |e 20080827  |h  889.834 ΔΟΥ  |p 005400027419  |q 005400027419  |t BK  |y 0 
852 |a INST  |b SAMOS  |e 20230622  |h 889.1 ΔΟΥ  |p 005300047887  |q 005300047887  |t BK  |y 0 
901 |a BIBL4-2008-2 
909 |a Ρ  |b 152779 
970 |a ΧΑΡΙΟΠΟΛΙΤΟΥ  |b ΚΩΝΣΤΑΝΤΙΝΑ  |z 2008/08/27